000 00672cam a2200193 a 4500
001 000003394
005 20200929150429.0
008 880718s1987 cu b f001 0 spa c
040 _aDO-SdBNP
_bspa
_cBNPHU
082 _aCu861.4
_bS157t
100 1 _aSaínz, Enrique,
_d1941-
_910576
245 1 0 _aTrayectoria poética y crítica de Regino Boti /
_cEnrique Saínz.
260 _aLa Habana :
_bAcademia,
_c1987.
300 _a186 p. ;
_c23 cm.
504 _aBibliografía: p. [178]-186.
600 1 4 _aBOTI Y BARREIRO, REGINO ELADIO,
_d1878-1958
_xCRÍTICA E INTERPRETACIÓN.
_910577
650 4 _aPoesía cubana
_xHistoria y crítica
_910578
650 4 _aLiteratura cubana
_91483
999 _c3224
_d3224